[Event "21st European Teams"]
[Site "Hersonissos GRE"]
[Date "2017.11.03"]
[Round "6.19"]
[Board "1"]
[White "Hristodoulou, Panagiotis"]
[Black "Saraci, Nderim"]
[Result "1/2-1/2"]
[WhiteTitle "FM"]
[BlackTitle "FM"]
[WhiteElo "2318"]
[BlackElo "2393"]
[WhiteTeam "Greece - Crete"]
[BlackTeam "Kosovo"]
[WhiteFideId "4214340"]
[BlackFideId "6351921"]
[EventDate "2017.10.28"]

1. e4 e5 2. Nf3 Nc6 3. Nc3 Nf6 4. d4 exd4 5. Nxd4 Bb4 6. Nxc6 bxc6 7. Bd3 d5 8.
exd5 cxd5 9. O-O O-O 10. h3 c6 11. Qf3 Re8 12. Bf4 Bd6 13. Rfe1 Be6 14. Ne2 Bxf4
15. Nxf4 Bd7 16. Nh5 Nxh5 17. Qxh5 h6 18. Rxe8+ Qxe8 19. Qe2 Qxe2 20. Bxe2 Rb8
21. b3 Kf8 22. Rd1 Be6 23. c3 Ke7 24. Kf1 c5 25. Bf3 Rd8 26. h4 a5 27. Ke2 Kf6
28. g3 g5 29. hxg5+ hxg5 30. Ke3 Ke5 31. Re1 Kf6 32. Rd1 g4 33. Be2 Ke5 34. Rh1
f5 35. Rh5 d4+ 36. Kd2 dxc3+ 37. Kxc3 Rd4 38. Rh1 a4 39. Rd1 Rb4 40. Rb1 axb3
41. axb3 Ke4 42. Rb2 f4 43. gxf4 Kxf4 44. Bd1 Kg5 45. Re2 Kf6 46. Ra2 Rd4 47.
Rd2 Rf4 48. Kd3 Bf5+ 49. Kc3 Kg5 50. Bc2 Bxc2 51. Rxc2 Rf3+ 52. Kc4 Kh4 53. Rc1
Rf5 54. Kb5 Rf3 55. Kc4 Kg5 56. Rb1 Rf5 57. Rd1 Kf4 58. Rd3 Rh5 59. Rc3 Rh3 60.
Rc2 Rh8 61. Rc3 Rh5 62. Rd3 Rh3 63. Rd2 Rf3 64. Rb2 Rh3 65. Kxc5 Rh2 66. Rd2 Kf3
67. b4 Rxf2 1/2-1/2

[Event "21st European Teams"]
[Site "Hersonissos GRE"]
[Date "2017.11.03"]
[Round "6.19"]
[Board "2"]
[White "Makolli, Perparim"]
[Black "Vlahos, Kiriakos"]
[Result "1-0"]
[WhiteTitle "FM"]
[BlackTitle "FM"]
[WhiteElo "2333"]
[BlackElo "2306"]
[WhiteTeam "Kosovo"]
[BlackTeam "Greece - Crete"]
[WhiteFideId "908630"]
[BlackFideId "4200594"]
[EventDate "2017.10.28"]

1. e4 e5 2. Nf3 Nc6 3. Bb5 a6 4. Ba4 Nf6 5. O-O b5 6. Bb3 Bc5 7. a4 Rb8 8. axb5
axb5 9. Nxe5 Nxe5 10. d4 O-O 11. dxc5 Qe7 12. Bg5 Qxc5 13. Bxf6 gxf6 14. Nc3 Bb7
15. Kh1 b4 16. Nd5 Bxd5 17. Bxd5 c6 18. Bb3 Ra8 19. Rxa8 Rxa8 20. f4 Ng6 21.
Qxd7 Ra7 22. Qd3 Re7 23. e5 Kg7 24. h3 h5 25. Qg3 h4 26. Qg4 Qd4 27. f5 Qxe5 28.
fxg6 fxg6 29. Qxh4 c5 30. Qc4 Kh6 31. Qf4+ Qxf4 32. Rxf4 f5 33. Kg1 Kg5 34. g3
Kf6 35. Kf2 Ke5 36. Rf3 Rc7 37. Re3+ Kf6 38. Bc4 Rd7 39. Re6+ Kg7 40. Ke2 Rd4
41. b3 f4 42. Bd3 Kf7 43. Re4 Rxe4+ 44. Bxe4 fxg3 45. Kf3 g2 46. Kxg2 g5 47. Kg3
Kf6 48. Kg4 1-0

[Event "21st European Teams"]
[Site "Hersonissos GRE"]
[Date "2017.11.03"]
[Round "6.19"]
[Board "3"]
[White "Anagnostopoulos, Konstantinos"]
[Black "Ermeni, Avni"]
[Result "1-0"]
[BlackTitle "FM"]
[WhiteElo "2290"]
[BlackElo "2247"]
[WhiteTeam "Greece - Crete"]
[BlackTeam "Kosovo"]
[WhiteFideId "4251067"]
[BlackFideId "912840"]
[EventDate "2017.10.28"]

1. e4 c5 2. Nf3 e6 3. d4 cxd4 4. Nxd4 a6 5. Bd3 Qc7 6. O-O Nf6 7. Nc3 d6 8. a4
b6 9. f4 Be7 10. g4 Nc6 11. Nxc6 Qxc6 12. Be2 Ra7 13. Bf3 Nd7 14. Be3 g5 15.
fxg5 Ne5 16. a5 Bd8 17. Na4 Nc4 18. axb6 Rb7 19. Bf2 Bxg5 20. Qd3 Rg8 21. e5 d5
22. Qxh7 Kf8 23. Bc5+ Be7 24. Bd4 Rg7 25. Qh8+ Rg8 26. Qh6+ Rg7 27. b3 Bg5 28.
Qh8+ Rg8 29. Bc5+ Qxc5+ 30. Nxc5 Rxh8 31. Nxb7 Nd2 32. Nd6 Ke7 33. b7 Bxb7 34.
Nxb7 Bf4 35. Rf2 Bxh2+ 36. Kg2 Nxf3 37. Rxf3 Bxe5 38. Rh1 Rc8 39. Rf2 Bd4 40.
Rxf7+ 1-0

[Event "21st European Teams"]
[Site "Hersonissos GRE"]
[Date "2017.11.03"]
[Round "6.19"]
[Board "4"]
[White "Sadiku, Bedri"]
[Black "Papadopoulos, Argirios"]
[Result "0-1"]
[WhiteTitle "IM"]
[BlackTitle "FM"]
[WhiteElo "2213"]
[BlackElo "2182"]
[WhiteTeam "Kosovo"]
[BlackTeam "Greece - Crete"]
[WhiteFideId "915998"]
[BlackFideId "4241509"]
[EventDate "2017.10.28"]

1. Nf3 Nf6 2. c4 e6 3. g3 a6 4. Bg2 b5 5. b3 c5 6. Bb2 Qb6 7. Qc1 Bb7 8. O-O Nc6
9. d3 d6 10. Nbd2 Be7 11. Rd1 O-O 12. e3 Rac8 13. a3 Rfd8 14. Qc2 Ne8 15. Rab1
Bf6 16. Ne4 Bxb2 17. Rxb2 Ne5 18. Nxe5 dxe5 19. Qc3 Bxe4 20. Bxe4 f6 21. Rdd2
Nd6 22. Bf3 Rc7 23. h4 Rcd7 24. Bg2 Nf7 25. b4 Rc7 26. Bf1 bxc4 27. dxc4 Rcd7
28. Rxd7 Rxd7 29. bxc5 Qxc5 30. Rb8+ Rd8 31. Qb4 Qxb4 32. Rxd8+ Qf8 33. Rxf8+
Kxf8 34. c5 a5 35. Bb5 Ke7 36. Kf1 Nd8 37. Ke2 Nb7 38. c6 Nd6 39. c7 Nc8 40. Kd3
Kd6 41. Bc4 Kxc7 42. Bxe6 Nd6 43. f4 Kc6 44. g4 h6 45. fxe5 fxe5 46. g5 hxg5 47.
hxg5 Kc5 48. Bb3 e4+ 49. Kc3 Nb5+ 50. Kb2 Nd6 51. Kc3 Nf5 52. Bc2 Kd5 53. Bb3+
Kc5 54. Bc2 Kd5 55. Bb3+ Ke5 56. Kc4 Nxe3+ 57. Kb5 Nd5 58. Kxa5 e3 59. Bc4 Kd4
60. Bf1 Kc5 61. Ka6 Kc6 62. Ka5 Kc5 63. Ka6 Kc6 64. Bb5+ Kc5 65. Bf1 Nc3 66. Kb7
e2 67. Bxe2 Nxe2 68. Kc7 g6 69. Kd7 Nf4 70. Ke7 Kb5 71. Kf6 Ka4 72. Ke5 Ng2 73.
Ke4 Kxa3 74. Kf3 Nh4+ 0-1

[Event "21st European Teams"]
[Site "Hersonissos GRE"]
[Date "2017.11.03"]
[Round "6.20"]
[Board "2"]
[White "Godart, Francois"]
[Black "Pasko, Llambi"]
[Result "1-0"]
[WhiteTitle "IM"]
[WhiteElo "2397"]
[BlackElo "2292"]
[WhiteTeam "Belgium"]
[BlackTeam "Albania"]
[WhiteFideId "208078"]
[BlackFideId "4701178"]
[EventDate "2017.10.28"]

1. d4 Nf6 2. Nf3 g6 3. c4 Bg7 4. g3 O-O 5. Bg2 d6 6. O-O c5 7. dxc5 dxc5 8. Ne5
Nfd7 9. Nd3 Nc6 10. Nc3 Nce5 11. Nxe5 Nxe5 12. Qb3 Qa5 13. Bg5 f6 14. Be3 Nc6
15. Qb5 Qxb5 16. Nxb5 f5 17. Bxc5 a6 18. Nc7 Rb8 19. Nxa6 bxa6 20. Bxc6 Rxb2 21.
Bxe7 Rxe2 22. Rae1 Rxe1 23. Rxe1 Bc3 24. Rc1 Rf7 25. Bd5 Bd4 26. Rd1 Bb6 27. c5
Bc7 28. Bd6 Ba5 29. c6 Kg7 30. Bxf7 Kxf7 31. Bf4 Ke7 32. Rb1 Kd8 33. Rb7 1-0

[Event "21st European Teams"]
[Site "Hersonissos GRE"]
[Date "2017.11.03"]
[Round "6.20"]
[Board "3"]
[White "Ashiku, Franc"]
[Black "Beukema, Stefan"]
[Result "0-1"]
[WhiteTitle "FM"]
[BlackTitle "IM"]
[WhiteElo "2394"]
[BlackElo "2378"]
[WhiteTeam "Albania"]
[BlackTeam "Belgium"]
[WhiteFideId "4700066"]
[BlackFideId "1024523"]
[EventDate "2017.10.28"]

1. Nf3 d6 2. e4 c5 3. g3 Nf6 4. Qe2 Nc6 5. Bg2 e5 6. O-O g6 7. c3 Bg7 8. d3 O-O
9. a3 b5 10. Nbd2 a5 11. a4 b4 12. Nc4 Ba6 13. Bg5 h6 14. Bxf6 Qxf6 15. Nb6 Ra7
16. Bh3 Qd8 17. Nd5 Ne7 18. Nxe7+ Qxe7 19. c4 f5 20. Nh4 Qg5 21. exf5 gxf5 22.
f4 exf4 23. Qe6+ Raf7 24. Rxf4 Bc8 25. Qd5 Bxb2 26. Re1 Bc3 27. Rd1 Bd4+ 28. Kf1
Be3 29. Nf3 Qf6 30. Rh4 Bb7 0-1

[Event "21st European Teams"]
[Site "Hersonissos GRE"]
[Date "2017.11.03"]
[Round "6.20"]
[Board "4"]
[White "Dardha, Arben"]
[Black "Seitaj, Ilir"]
[Result "0-1"]
[WhiteTitle "FM"]
[BlackTitle "IM"]
[WhiteElo "2279"]
[BlackElo "2372"]
[WhiteTeam "Belgium"]
[BlackTeam "Albania"]
[WhiteFideId "4700481"]
[BlackFideId "4700031"]
[EventDate "2017.10.28"]

1. d4 Nf6 2. c4 e6 3. Nf3 d5 4. g3 Be7 5. Bg2 O-O 6. O-O c6 7. Qc2 Nbd7 8. Rd1
Ne4 9. Ne5 f5 10. Nc3 Nxe5 11. dxe5 Bd7 12. Be3 Kh8 13. f3 Ng5 14. Qb3 b6 15.
Rd2 Qc8 16. Rc1 Qe8 17. Rcd1 Bc8 18. Qa4 Bb7 19. cxd5 exd5 20. b4 Ne6 21. Kh1 f4
22. Bf2 a5 23. b5 Bb4 24. Rc2 fxg3 25. hxg3 d4 26. Bxd4 Qh5+ 27. Kg1 Nxd4 28.
Rxd4 Qxe5 29. Rd3 cxb5 30. Qxb5 Bc5+ 31. e3 Ba6 32. f4 Bxe3+ 33. Kh2 Bxb5 34.
fxe5 Bxd3 0-1

[Event "21st European Teams"]
[Site "Hersonissos GRE"]
[Date "2017.11.04"]
[Round "7.1"]
[Board "3"]
[White "Naiditsch, Arkadij"]
[Black "Rapport, Richard"]
[Result "1-0"]
[WhiteTitle "GM"]
[BlackTitle "GM"]
[WhiteElo "2702"]
[BlackElo "2686"]
[WhiteTeam "Azerbaijan"]
[BlackTeam "Hungary"]
[WhiteFideId "4650891"]
[BlackFideId "738590"]
[EventDate "2017.10.28"]

1. e4 c5 2. Nf3 e6 3. d4 cxd4 4. Nxd4 a6 5. Bd3 g6 6. Nd2 Bg7 7. N2f3 d6 8. O-O
Nd7 9. b3 Ne7 10. Ba3 Qc7 11. Qd2 O-O 12. Rad1 Nc5 13. c4 e5 14. Ne2 Bg4 15. Ne1
f5 16. h3 Bh5 17. Bb1 Bh6 18. Qxd6 Qxd6 19. Rxd6 Bxe2 20. Bxc5 Rfc8 21. Ba3 Bf8
22. Rb6 Rc7 23. Bxe7 Bxe7 24. exf5 gxf5 25. Bxf5 Rf8 26. Be6+ Kh8 27. b4 e4 28.
Bd5 Bh4 29. f3 Bf6 30. Nc2 exf3 31. Rxf3 Bxc4 32. Bxc4 Rxc4 33. Rbxf6 Rxf6 34.
Rxf6 Rxc2 35. a4 Rc4 36. Rb6 a5 37. bxa5 Rxa4 38. Rb5 Ra2 39. Kh2 Ra3 40. h4 h6
41. Rb6 1-0

[Event "21st European Teams"]
[Site "Hersonissos GRE"]
[Date "2017.11.04"]
[Round "7.1"]
[Board "4"]
[White "Berkes, Ferenc"]
[Black "Mamedov, Rauf"]
[Result "0-1"]
[WhiteTitle "GM"]
[BlackTitle "GM"]
[WhiteElo "2661"]
[BlackElo "2678"]
[WhiteTeam "Hungary"]
[BlackTeam "Azerbaijan"]
[WhiteFideId "718572"]
[BlackFideId "13401653"]
[EventDate "2017.10.28"]

1. d4 d5 2. Nf3 Nf6 3. Bf4 Bf5 4. e3 e6 5. Bd3 Bxd3 6. Qxd3 c6 7. O-O Bd6 8.
Nbd2 O-O 9. c3 Bxf4 10. exf4 Nbd7 11. Rfe1 Qb6 12. Rab1 Rfe8 13. Ne5 c5 14. Ndf3
cxd4 15. Qxd4 Qxd4 16. Nxd4 a6 17. f3 Rac8 18. g4 Nxe5 19. Rxe5 Nd7 20. Re2 Nc5
21. Rd1 Na4 22. Kf2 g6 23. Rd3 Nb6 24. b3 Nd7 25. Ke1 Kg7 26. Kd2 Kf6 27. h4 h5
28. gxh5 gxh5 29. Rg2 Nf8 30. f5 e5 31. Ne2 Kxf5 32. Rxd5 Ke6 33. c4 Ng6 34. Rg5
b5 35. Kd3 Rh8 36. f4 bxc4+ 37. bxc4 exf4 38. Nd4+ Ke7 39. Nf5+ Kf8 40. Nd6 Rc6
41. c5 Ke7 42. Ke4 Rb8 43. Rxh5 Rb1 44. Nf5+ Ke8 45. Nd6+ Ke7 46. Nf5+ Ke8 47.
Nd4 Rc7 48. c6 Rd1 49. Rd6 Re7+ 50. Kd5 f3 51. Rf5 Re6 52. Rxe6+ fxe6+ 53. Kxe6
Rxd4 54. Rxf3 Rc4 55. Kd5 Rc1 56. h5 Ne7+ 57. Ke5 Rc5+ 58. Kd4 Rxc6 59. Ra3 Rh6
60. Kc5 Kd7 61. Rg3 Rc6+ 62. Kb4 Rh6 63. Ka5 Kc7 64. Rg7 Kd8 65. Rg5 Kc8 66. Rg7
Nd5 67. Rg5 Nc7 68. Rf5 Kb7 69. Rg5 Rf6 70. Re5 Rf4 71. Rg5 Rh4 72. Re5 Rh2 73.
a4 Rh4 74. Rf5 Rd4 75. Rg5 Ne6 76. Rg6 Nc7 77. Rg5 Ka7 78. h6 Ne6 79. h7 Rh4 80.
Rg6 Nc5 0-1

[Event "21st European Teams"]
[Site "Hersonissos GRE"]
[Date "2017.11.04"]
[Round "7.2"]
[Board "1"]
[White "Saric, Ivan"]
[Black "Grischuk, Alexander"]
[Result "1/2-1/2"]
[WhiteTitle "GM"]
[BlackTitle "GM"]
[WhiteElo "2662"]
[BlackElo "2785"]
[WhiteTeam "Croatia"]
[BlackTeam "Russia"]
[WhiteFideId "14508150"]
[BlackFideId "4126025"]
[EventDate "2017.10.28"]

1. e4 e5 2. Nf3 Nc6 3. Bb5 Nf6 4. d3 Bc5 5. Nc3 O-O 6. Bxc6 dxc6 7. Be3 Qe7 8.
Qd2 Rd8 9. Bxc5 Qxc5 10. Qg5 Re8 11. O-O-O Nd7 12. Qg3 a5 13. d4 exd4 14. Rxd4
Qb6 15. Na4 Qa7 16. Qxc7 b5 17. Qxa7 Rxa7 18. Nc3 Nc5 19. Re1 b4 20. Ne2 Rae7
21. Ng3 f5 22. e5 g6 23. Rd6 Bb7 24. h4 Ne6 25. h5 c5 26. Nh4 Rg7 27. Red1 f4
28. hxg6 hxg6 29. Ne2 Kh7 30. b3 Rge7 31. Kb2 Be4 32. f3 Bb7 33. Rxe6 Rxe6 34.
Nxf4 Rxe5 35. Nhxg6 Re1 36. Rd7+ Kh6 37. Rxb7 Rd8 38. Nd3 Rxd3 39. cxd3 Re2+ 40.
Kb1 Kxg6 41. Rb5 Re1+ 42. Kc2 Re2+ 43. Kc1 Rxa2 44. Rxc5 Rxg2 45. Rxa5 Rg1+ 46.
Kd2 Rg2+ 47. Ke3 Rb2 48. Kd4 Rxb3 49. Re5 Kf6 50. f4 Rb1 51. Rb5 Rf1 52. Ke4 Rb1
53. Rb6+ Ke7 54. Ke5 Kd7 55. f5 b3 56. Kf6 b2 57. Kf7 Rf1 58. Rxb2 1/2-1/2

[Event "21st European Teams"]
[Site "Hersonissos GRE"]
[Date "2017.11.04"]
[Round "7.2"]
[Board "2"]
[White "Vitiugov, Nikita"]
[Black "Bosiocic, Marin"]
[Result "1-0"]
[WhiteTitle "GM"]
[BlackTitle "GM"]
[WhiteElo "2728"]
[BlackElo "2619"]
[WhiteTeam "Russia"]
[BlackTeam "Croatia"]
[WhiteFideId "4152956"]
[BlackFideId "14507927"]
[EventDate "2017.10.28"]

1. d4 Nf6 2. c4 e6 3. Nf3 d5 4. Nc3 a6 5. cxd5 exd5 6. Bg5 Be6 7. e3 Nbd7 8. h3
c6 9. Bf4 Bf5 10. g4 Bg6 11. Nh4 Ne4 12. Nxg6 hxg6 13. Qb3 Nxc3 14. bxc3 b5 15.
Bg2 Nb6 16. e4 dxe4 17. Bxe4 Rc8 18. Kf1 Bd6 19. Re1 O-O 20. Bc1 Nc4 21. Kg2 Be7
22. Qd1 Nd6 23. Bf3 Bh4 24. Re5 Nc4 25. Rc5 Qd6 26. Be4 Rfe8 27. Qf3 Re6 28. Bf4
Qe7 29. Bd3 Nb2 30. Bc2 Re2 31. Re5 Rxe5 32. dxe5 Nc4 33. Re1 Nb6 34. Bb3 c5 35.
Rd1 c4 36. Bc2 Rd8 37. Rd6 Nd7 38. Qd5 Nf8 39. Be3 Rxd6 40. exd6 Qe6 41. Be4 Bf6
42. Qxe6 Nxe6 43. Bb7 Bxc3 44. Bxa6 Bb4 45. Bxb5 c3 46. d7 Kf8 47. Ba4 Ke7 48.
Bb6 g5 49. Kf3 f6 50. Ke2 c2 51. d8=Q+ Nxd8 52. Bxc2 Ba3 53. Kd3 Ne6 54. Ke4 Kd6
55. Bb3 Nf8 56. Kf5 Kc6 57. Bd4 Kd6 58. f3 Kc6 59. Bf2 Kd6 60. Bg3+ Kc6 61. Bf7
Kd7 62. Bd5 Ke7 63. Bb3 Kd7 64. Be1 Kd6 65. h4 gxh4 66. Bxh4 Ke7 67. Ke4 Kd6 68.
Bg3+ Kc6 69. Kd4 Kd7 70. Bd5 Ng6 71. Be4 Ne7 72. Kc4 g6 73. Kb3 Bc5 74. a4 f5
75. Bd3 fxg4 76. fxg4 g5 77. Bb5+ Ke6 78. Bc4+ Kd7 79. Bb5+ Ke6 80. Kc4 Bb6 81.
Be8 Bd8 82. Kc5 Nc8 83. Kc6 Ba5 84. Bd7+ 1-0

[Event "21st European Teams"]
[Site "Hersonissos GRE"]
[Date "2017.11.04"]
[Round "7.2"]
[Board "3"]
[White "Stevic, Hrvoje"]
[Black "Matlakov, Maxim"]
[Result "1/2-1/2"]
[WhiteTitle "GM"]
[BlackTitle "GM"]
[WhiteElo "2616"]
[BlackElo "2730"]
[WhiteTeam "Croatia"]
[BlackTeam "Russia"]
[WhiteFideId "14502569"]
[BlackFideId "4168003"]
[EventDate "2017.10.28"]

1. e4 e5 2. Nf3 Nc6 3. Nc3 Nf6 4. d4 exd4 5. Nxd4 Bb4 6. Nxc6 bxc6 7. Bd3 O-O 8.
O-O d5 9. exd5 cxd5 10. h3 c6 11. Qf3 Bd6 12. Bf4 Be6 13. Rfe1 Re8 14. Ne2 Bxf4
15. Nxf4 Bd7 16. Nh5 Nxh5 17. Qxh5 g6 18. Rxe8+ Qxe8 19. Qg5 Qe6 20. Qf4 c5 21.
b4 cxb4 22. Qxb4 Qb6 23. Rb1 Rb8 24. Qxb6 Rxb6 25. Rxb6 axb6 26. c3 Kf8 27. f4
Ke7 28. Kf2 Kd6 29. Ke3 Kc5 30. h4 Bg4 31. g3 1/2-1/2

[Event "21st European Teams"]
[Site "Hersonissos GRE"]
[Date "2017.11.04"]
[Round "7.3"]
[Board "1"]
[White "Eljanov, Pavel"]
[Black "Lupulescu, Constantin"]
[Result "1-0"]
[WhiteTitle "GM"]
[BlackTitle "GM"]
[WhiteElo "2720"]
[BlackElo "2620"]
[WhiteTeam "Ukraine"]
[BlackTeam "Romania"]
[WhiteFideId "14102951"]
[BlackFideId "1207822"]
[EventDate "2017.10.28"]

1. c4 e6 2. Nc3 d5 3. d4 a6 4. cxd5 exd5 5. Bf4 c6 6. e3 Bd6 7. Bxd6 Qxd6 8. Bd3
Nf6 9. h3 O-O 10. Nf3 Nbd7 11. O-O Re8 12. Qc2 Qe7 13. Rab1 Ne4 14. Na4 Nf8 15.
b4 Ng6 16. Nc5 Nh4 17. Nxh4 Qxh4 18. Rfc1 Re7 19. Nxe4 dxe4 20. Bf1 Re6 21. g3
Qd8 22. a4 h5 23. Bg2 f5 24. Qc5 Rd6 25. h4 g5 26. hxg5 Rd5 27. Qc4 Be6 28. b5
Rd6 29. Qc5 Rd5 30. Qc4 Rd6 31. Qb4 Bd5 32. bxc6 bxc6 33. Qb6 Qxg5 34. Qc7 Rad8
35. Rb8 h4 36. Qxd6 1-0

[Event "21st European Teams"]
[Site "Hersonissos GRE"]
[Date "2017.11.04"]
[Round "7.3"]
[Board "2"]
[White "Parligras, Mircea-Emilian"]
[Black "Kryvoruchko, Yuriy"]
[Result "1/2-1/2"]
[WhiteTitle "GM"]
[BlackTitle "GM"]
[WhiteElo "2616"]
[BlackElo "2692"]
[WhiteTeam "Romania"]
[BlackTeam "Ukraine"]
[WhiteFideId "1204297"]
[BlackFideId "14109182"]
[EventDate "2017.10.28"]

1. d4 Nf6 2. c4 e6 3. Nf3 d5 4. Nc3 c5 5. cxd5 Nxd5 6. e3 Nc6 7. Bd3 Be7 8. O-O
O-O 9. a3 cxd4 10. exd4 Bf6 11. Re1 Nxc3 12. bxc3 b6 13. h4 Bb7 14. Ng5 g6 15.
Qg4 h5 16. Qf4 Bxg5 17. hxg5 e5 18. Qg3 exd4 19. Bb2 Qd5 20. c4 Qc5 21. Be4 Rad8
22. Rad1 Qxc4 23. Bxc6 Bxc6 24. Qf4 Qd5 25. f3 Qf5 26. Rxd4 Qxf4 27. Rxf4 Rfe8
28. Rc1 Re2 29. Bf6 Rdd2 30. Rxc6 Rxg2+ 31. Kf1 Rgf2+ 1/2-1/2

[Event "21st European Teams"]
[Site "Hersonissos GRE"]
[Date "2017.11.04"]
[Round "7.3"]
[Board "3"]
[White "Kuzubov, Yuriy"]
[Black "Szabo, Gergely-Andras-Gyula"]
[Result "1/2-1/2"]
[WhiteTitle "GM"]
[BlackTitle "GM"]
[WhiteElo "2690"]
[BlackElo "2563"]
[WhiteTeam "Ukraine"]
[BlackTeam "Romania"]
[WhiteFideId "14112906"]
[BlackFideId "1205064"]
[EventDate "2017.10.28"]

1. Nf3 d5 2. d4 Nf6 3. c4 e6 4. g3 dxc4 5. Bg2 a6 6. O-O Nc6 7. e3 Rb8 8. Qe2
Bd6 9. Qxc4 Bd7 10. Nbd2 O-O 11. Qc2 Nb4 12. Qb3 a5 13. e4 Be7 14. a3 a4 15. Qc4
b5 16. Qc3 Na6 17. Rd1 c5 18. Qe3 Qb6 19. e5 Nd5 20. Qe2 cxd4 21. Ne4 b4 22.
Nxd4 bxa3 23. bxa3 Nc5 24. Rd2 Rfc8 25. Bb2 Nxe4 26. Bxe4 Rc5 27. Nf5 Bg5 28.
Bd4 Bxd2 29. Qxd2 exf5 30. Bxc5 Qxc5 31. Bxd5 Be6 1/2-1/2

[Event "21st European Teams"]
[Site "Hersonissos GRE"]
[Date "2017.11.04"]
[Round "7.3"]
[Board "4"]
[White "Nevednichy, Vladislav"]
[Black "Kravtsiv, Martyn"]
[Result "1/2-1/2"]
[WhiteTitle "GM"]
[BlackTitle "GM"]
[WhiteElo "2524"]
[BlackElo "2677"]
[WhiteTeam "Romania"]
[BlackTeam "Ukraine"]
[WhiteFideId "1205730"]
[BlackFideId "14113147"]
[EventDate "2017.10.28"]

1. e4 e5 2. Nf3 Nc6 3. Bc4 Nf6 4. d3 Bc5 5. O-O O-O 6. h3 d6 7. c3 a5 8. Re1 h6
9. Nbd2 Be6 10. Bb5 Qb8 11. Nf1 Qa7 12. Be3 Bxe3 13. Nxe3 Ne7 14. Bc4 Bxc4 15.
Nxc4 Ng6 16. g3 a4 17. Ne3 Rfe8 18. Ng4 Nxg4 19. hxg4 Qb6 20. Qd2 Qb5 21. Nh2 d5
22. Nf1 Red8 23. Qe2 Qc6 24. Qc2 d4 25. c4 Nf8 26. Nd2 Qg6 27. Qd1 Nd7 28. Nf1
Ra6 29. Nh2 Nf6 30. Qf3 Qg5 31. Rab1 Re8 32. Qf5 g6 33. Qxg5 hxg5 34. Nf3 Nxg4
35. Nxg5 Rf6 36. Rf1 Kg7 37. Kg2 Rh8 38. Nf3 Rb6 39. c5 Rb5 40. Rfc1 Ra8 41. Rc2
f6 42. Nh4 Nh6 43. Rbc1 Ra6 44. Kh3 f5 45. c6 Rxc6 46. Rxc6 bxc6 47. Rxc6 fxe4
48. Rxc7+ Nf7 49. dxe4 Rxb2 50. f4 d3 51. fxe5 d2 52. Rd7 d1=Q 53. Rxd1 Nxe5 54.
Rd5 Kf6 55. Rd6+ Kf7 56. Rd5 Kf6 57. Rd6+ Kf7 58. Rd5 Kf6 1/2-1/2

[Event "21st European Teams"]
[Site "Hersonissos GRE"]
[Date "2017.11.04"]
[Round "7.4"]
[Board "1"]
[White "Gelfand, Boris"]
[Black "Wojtaszek, Radoslaw"]
[Result "1/2-1/2"]
[WhiteTitle "GM"]
[BlackTitle "GM"]
[WhiteElo "2737"]
[BlackElo "2737"]
[WhiteTeam "Israel"]
[BlackTeam "Poland"]
[WhiteFideId "2805677"]
[BlackFideId "1118358"]
[EventDate "2017.10.28"]

1. c4 Nf6 2. Nc3 e5 3. Nf3 Nc6 4. g3 Bb4 5. Bg2 d6 6. O-O O-O 7. d3 Re8 8. Nd5
Nxd5 9. cxd5 Ne7 10. d4 e4 11. Ng5 h6 12. Nxe4 Nxd5 13. a3 Ba5 14. Nd2 Nf6 15.
Nc4 c6 16. Nxa5 Qxa5 17. f3 d5 18. Qc2 Qb6 19. e3 Nd7 20. Bd2 c5 21. Rae1 cxd4
22. exd4 Qxd4+ 23. Kh1 Nf6 24. Bc3 Qc5 25. Qd2 Bf5 26. g4 Bg6 27. Bd4 Qd6 28.
Bxf6 Qxf6 29. Qxd5 Qxb2 30. f4 Red8 31. Qxb7 Qxb7 32. Bxb7 1/2-1/2

[Event "21st European Teams"]
[Site "Hersonissos GRE"]
[Date "2017.11.04"]
[Round "7.4"]
[Board "3"]
[White "Sutovsky, Emil"]
[Black "Piorun, Kacper"]
[Result "1-0"]
[WhiteTitle "GM"]
[BlackTitle "GM"]
[WhiteElo "2683"]
[BlackElo "2640"]
[WhiteTeam "Israel"]
[BlackTeam "Poland"]
[WhiteFideId "2802007"]
[BlackFideId "1130420"]
[EventDate "2017.10.28"]

1. e4 c5 2. Nf3 Nc6 3. Bb5 d6 4. O-O Bd7 5. c3 Nf6 6. d4 Nxe4 7. d5 Ne5 8. Na3
Nf6 9. Bg5 Bxb5 10. Nxb5 a6 11. Na3 g6 12. Nxe5 dxe5 13. d6 Bg7 14. Qa4+ Qd7 15.
Qxd7+ Kxd7 16. dxe7 Ne4 17. Rad1+ Kc6 18. Rd8 Nxg5 19. Rfd1 Ne6 20. R1d6+ Kc7
21. R8d7+ Kb8 22. Nc4 Bf6 23. Rb6 Ra7 24. Nd6 Bxe7 25. Nxf7 Rf8 26. Rxe7 Nc7 27.
Rd6 Nb5 28. Rdd7 b6 29. Nxe5 1-0

[Event "21st European Teams"]
[Site "Hersonissos GRE"]
[Date "2017.11.04"]
[Round "7.4"]
[Board "4"]
[White "Bartel, Mateusz"]
[Black "Nabaty, Tamir"]
[Result "0-1"]
[WhiteTitle "GM"]
[BlackTitle "GM"]
[WhiteElo "2613"]
[BlackElo "2661"]
[WhiteTeam "Poland"]
[BlackTeam "Israel"]
[WhiteFideId "1112635"]
[BlackFideId "2809052"]
[EventDate "2017.10.28"]

1. e4 e5 2. Nf3 Nf6 3. Nxe5 d6 4. Nf3 Nxe4 5. Nc3 Nxc3 6. dxc3 Be7 7. Bf4 Nc6 8.
Qd2 Be6 9. Ng5 Bf5 10. O-O-O h6 11. Nf3 Qd7 12. Bc4 Be6 13. Bd5 Bf6 14. Rhe1
O-O-O 15. c4 Rhe8 16. Be3 a6 17. Kb1 Ne7 18. Bxe6 fxe6 19. Qe2 g5 20. Bc1 Ng6
21. Qe4 Qf7 22. Rd3 Bg7 23. h4 Nf4 24. Rb3 d5 25. cxd5 exd5 26. Qb4 b6 27. hxg5
Ne2 28. Qg4+ Kb7 29. gxh6 Nxc1 30. Rxc1 Bxh6 31. Rd1 Re2 32. Rbd3 Rd6 33. Qh4 c5
34. Rf1 d4 35. Ng1 Re8 36. Rdd1 c4 37. Rxd4 Bg5 38. Qxg5 Rxd4 39. Nf3 Rd5 40.
Qc1 c3 41. b3 Re2 42. a4 Qg6 43. Re1 Qe4 44. Rh1 Rdd2 45. Ne1 Rxf2 46. Ka1 Qe2
47. Nf3 Rd7 48. Kb1 Rxg2 49. Ng5 Qg4 50. Nh3 Rgd2 51. Ka2 Qg2 0-1

[Event "21st European Teams"]
[Site "Hersonissos GRE"]
[Date "2017.11.04"]
[Round "7.5"]
[Board "1"]
[White "Nisipeanu, Liviu-Dieter"]
[Black "Aronian, Levon"]
[Result "1/2-1/2"]
[WhiteTitle "GM"]
[BlackTitle "GM"]
[WhiteElo "2672"]
[BlackElo "2801"]
[WhiteTeam "Germany"]
[BlackTeam "Armenia"]
[WhiteFideId "1202758"]
[BlackFideId "13300474"]
[EventDate "2017.10.28"]

1. d4 Nf6 2. c4 e6 3. Nc3 Bb4 4. e3 O-O 5. Bd3 d5 6. Nf3 dxc4 7. Bxc4 c5 8. O-O
Bd7 9. a3 Ba5 10. Qd3 Bc6 11. Ne5 cxd4 12. exd4 Bxc3 13. bxc3 Bd5 14. Bxd5 Nxd5
15. c4 Ne7 16. Rd1 Nd7 17. Nf3 Rc8 18. Bg5 Re8 19. a4 h6 20. Bxe7 Rxe7 21. a5 b6
22. axb6 axb6 23. h3 Nf6 24. Ne5 Nd7 25. Nf3 Nf6 26. Ne5 Nd7 27. Nf3 1/2-1/2